[Event "Chioggia op-B 12th"]
[Site "Chioggia"]
[Date "2017.10.07"]
[Round "3"]
[White "Petrella, Andrea"]
[Black "Ranzato, Paolo"]
[Result "0-1"]
[WhiteElo "1509"]
[BlackElo "1809"]
[PlyCount "62"]
[EventDate "2017.10.06"]
[EventType "swiss"]
[EventRounds "5"]
[EventCountry "ITA"]
[SourceTitle "EXT 2022"]
[Source "ChessBase"]
[SourceDate "2021.10.06"]
[SourceVersion "1"]
[SourceVersionDate "2021.10.06"]
[SourceQuality "1"]

1. e4 c6 2. d4 d5 3. e5 Bf5 4. Nc3 e6 5. g3 Bb4 6. Bd2 Nd7 7. Bg2 Qb6 8. Nge2 c5 9. Na4 Bxd2+ 10. Qxd2 Qc6 11. Nac3 Ne7 12. f4 Rc8 13. 0-0-0 a6 14. Qe3 b5 15. dxc5 b4 16. Nd4 Qxc5 17. Nxf5 Nxf5 18. Qxc5 Nxc5 19. Nxd5 exd5 20. Bxd5 Ne3 21. Rd2 Nxd5 22. Rxd5 0-0 23. Rhd1 a5 24. R1d4 b3 25. Kb1 bxc2+ 26. Kc1 Ne6 27. Rd2 a4 28. Ra5 Rc4 29. Rd3 g6 30. Rd2 Rfc8 31. Re2 Nd4 0-1

[Event "Chioggia op-B 07th"]
[Site "Chioggia"]
[Date "2012.10.13"]
[Round "3"]
[White "Rosina, Graziano"]
[Black "Ranzato, Paolo"]
[Result "1/2-1/2"]
[WhiteElo "1801"]
[BlackElo "1828"]
[PlyCount "99"]
[EventDate "2012.10.12"]
[EventType "swiss"]
[EventRounds "5"]
[EventCountry "ITA"]
[SourceTitle "EXT 2022"]
[Source "ChessBase"]
[SourceDate "2021.10.06"]
[SourceVersion "1"]
[SourceVersionDate "2021.10.06"]
[SourceQuality "1"]

1. Nf3 f5 2. c4 Nf6 3. g3 e6 4. Bg2 c6 5. 0-0 Be7 6. d4 0-0 7. Nc3 Ne4 8. Bf4 d6 9. Qc2 Nxc3 10. bxc3 Nd7 11. e4 fxe4 12. Qxe4 Nf6 13. Qc2 Qa5 14. Rfe1 Qh5 15. c5 dxc5 16. Re5 Qg6 17. Qxg6 hxg6 18. dxc5 Nd5 19. Bg5 Bf6 20. Bxf6 gxf6 21. Ree1 Nxc3 22. a4 e5 23. Ra3 Nd5 24. Nd2 Bf5 25. Be4 Bxe4 26. Rxe4 Rfd8 27. Nc4 b6 28. cxb6 axb6 29. Ne3 b5 30. Nxd5 cxd5 31. Rb4 Rxa4 32. Raxa4 bxa4 33. Rxa4 d4 34. Kf1 e4 35. Ke1 Kf7 36. h3 f5 37. h4 Ke6 38. Ra6+ Rd6 39. Ra4 Kd5 40. Kd2 Rc6 41. Ra5+ Rc5 42. Ra6 Rc6 43. Ra5+ Kd6 44. h5 gxh5 45. Rxf5 Rc3 46. Rxh5 Rf3 47. Ke1 e3 48. fxe3 dxe3 49. Ke2 Rxg3 50. Ra5 1/2-1/2

[Event "Chioggia op-B 06th"]
[Site "Chioggia"]
[Date "2011.10.09"]
[Round "4"]
[White "Daccico, Gianni"]
[Black "Ranzato, Paolo"]
[Result "1/2-1/2"]
[WhiteElo "1696"]
[BlackElo "1827"]
[PlyCount "32"]
[EventDate "2011.10.07"]
[EventType "swiss"]
[EventRounds "5"]
[EventCountry "ITA"]
[SourceTitle "EXT 2022"]
[Source "ChessBase"]
[SourceDate "2021.10.06"]
[SourceVersion "1"]
[SourceVersionDate "2021.10.06"]
[SourceQuality "1"]

1. e4 c6 2. Nf3 d5 3. exd5 cxd5 4. d4 Bf5 5. Bb5+ Nc6 6. 0-0 e6 7. Bf4 Bd6 8. Bxd6 Qxd6 9. Nbd2 Nge7 10. Re1 0-0 11. c3 Ng6 12. Nf1 Nce7 13. Ng3 Bg4 14. Be2 Nf5 15. Ne5 Bxe2 16. Qxe2 Nfe7 1/2-1/2

[Event "Chioggia op-B 06th"]
[Site "Chioggia"]
[Date "2011.10.09"]
[Round "5"]
[White "Ranzato, Paolo"]
[Black "Mancin, Michele"]
[Result "1-0"]
[WhiteElo "1827"]
[BlackElo "1741"]
[PlyCount "62"]
[EventDate "2011.10.07"]
[EventType "swiss"]
[EventRounds "5"]
[EventCountry "ITA"]
[SourceTitle "EXT 2022"]
[Source "ChessBase"]
[SourceDate "2021.10.06"]
[SourceVersion "1"]
[SourceVersionDate "2021.10.06"]
[SourceQuality "1"]

1. f4 Nf6 2. Nf3 d6 3. e3 g6 4. Be2 Bg7 5. 0-0 0-0 6. d3 Nc6 7. c3 Bg4 8. Qe1 Qe8 9. Qh4 Bd7 10. e4 e5 11. fxe5 dxe5 12. Be3 b6 13. Nbd2 Ng4 14. Ng5 h5 15. Bxg4 Bxg4 16. Rf2 f6 17. Ngf3 g5 18. Qg3 Bd7 19. Nxg5 fxg5 20. Rxf8+ Qxf8 21. Rf1 Qe8 22. Bxg5 Qe6 23. Qf3 Qg6 24. Qe3 Rf8 25. Nf3 Qf7 26. Re1 Qxa2 27. Qd2 Qf7 28. h3 Bxh3 29. Nh4 Bd7 30. Nf3 Kh7 31. Be3 Bg4 1-0

[Event "Chioggia op-B 06th"]
[Site "Chioggia"]
[Date "2011.10.08"]
[Round "3"]
[White "Ranzato, Paolo"]
[Black "Dal Bianco, Nicola"]
[Result "1-0"]
[WhiteElo "1827"]
[BlackElo "1674"]
[PlyCount "89"]
[EventDate "2011.10.07"]
[EventType "swiss"]
[EventRounds "5"]
[EventCountry "ITA"]
[SourceTitle "EXT 2022"]
[Source "ChessBase"]
[SourceDate "2021.10.06"]
[SourceVersion "1"]
[SourceVersionDate "2021.10.06"]
[SourceQuality "1"]

1. f4 Nf6 2. Nf3 e6 3. e3 Be7 4. b3 b6 5. Bb2 Bb7 6. Be2 d6 7. Nc3 Nbd7 8. 0-0 0-0 9. Qe1 Nc5 10. d3 Ng4 11. Qd2 f5 12. Nd4 Nh6 13. b4 e5 14. Nf3 Nd7 15. a3 Bf6 16. e4 exf4 17. exf5 Nxf5 18. Qxf4 Ne7 19. Qg4 Qe8 20. d4 Rd8 21. Bd3 h6 22. Rae1 Bxf3 23. Rxf3 Bg5 24. Rxf8+ Qxf8 25. Rf1 Nf6 26. Qg3 Qe8 27. h4 Nh5 28. Qg4 Be3+ 29. Kh2 Bd2 30. Qe6+ Kh8 31. Qf7 Qxf7 32. Rxf7 Bf4+ 33. Kh3 Re8 34. Bc4 Nf6 35. Be6 d5 36. Ne2 Bd6 37. Bc1 b5 38. Bxh6 Nf5 39. Bxf5 gxh6 40. Rxf6 Rxe2 41. Rxh6+ Kg7 42. Re6 Rd2 43. Bd3 Kf7 44. Re2 Rd1 45. Rf2+ 1-0

[Event "Chioggia op-B 06th"]
[Site "Chioggia"]
[Date "2011.10.07"]
[Round "1"]
[White "Ranzato, Paolo"]
[Black "Arbore, Federica"]
[Result "1-0"]
[WhiteElo "1827"]
[BlackElo "1605"]
[PlyCount "57"]
[EventDate "2011.10.07"]
[EventType "swiss"]
[EventRounds "5"]
[EventCountry "ITA"]
[SourceTitle "EXT 2022"]
[Source "ChessBase"]
[SourceDate "2021.10.06"]
[SourceVersion "1"]
[SourceVersionDate "2021.10.06"]
[SourceQuality "1"]

1. f4 d5 2. Nf3 Bg4 3. e3 c5 4. Be2 Nc6 5. d3 e6 6. Nbd2 Qb6 7. c3 Nf6 8. Ne5 Bxe2 9. Qxe2 Bd6 10. d4 Rc8 11. 0-0 Rc7 12. Qf3 cxd4 13. exd4 Nxe5 14. fxe5 Bxe5 15. Kh1 Bd6 16. g4 h5 17. g5 Ng4 18. Qe2 Bxh2 19. Nb3 Qd6 20. Rf3 Bg3 21. Kg2 Bh4 22. Bf4 e5 23. dxe5 Qe6 24. Nd4 Qg6 25. e6 Re7 26. Qb5+ Kd8 27. Qxd5+ Kc8 28. Qd6 fxe6 29. Qxe7 1-0

[Event "Chioggia op-B 05th"]
[Site "Chioggia"]
[Date "2010.10.09"]
[Round "3"]
[White "Pieropan, Giorgio"]
[Black "Ranzato, Paolo"]
[Result "1-0"]
[WhiteElo "1715"]
[BlackElo "1856"]
[PlyCount "40"]
[EventDate "2010.10.08"]
[EventType "swiss"]
[EventRounds "5"]
[EventCountry "ITA"]
[SourceTitle "EXT 2022"]
[Source "ChessBase"]
[SourceDate "2021.10.06"]
[SourceVersion "1"]
[SourceVersionDate "2021.10.06"]
[SourceQuality "1"]

1. f4 Nf6 2. Nf3 d5 3. e3 g6 4. c3 Bg7 5. Be2 0-0 6. 0-0 c5 7. Qe1 a6 8. d3 Nc6 9. Nbd2 b5 10. Ne5 Qc7 11. Ndf3 Ne8 12. d4 c4 13. Qh4 f6 14. Ng4 Nd6 15. h3 Nd8 16. Nd2 h5 17. Nh2 Nf5 18. Qf2 e5 19. g4 hxg4 20. hxg4 Nh6 1-0

[Event "Chioggia op-A 03rd"]
[Site "Chioggia"]
[Date "2008.10.11"]
[Round "2"]
[White "Ranzato, Paolo"]
[Black "Rossi, Gianni"]
[Result "1-0"]
[WhiteElo "1843"]
[BlackElo "1994"]
[PlyCount "79"]
[EventDate "2008.10.10"]
[EventType "swiss"]
[EventRounds "5"]
[EventCountry "ITA"]
[SourceTitle "EXT 2022"]
[Source "ChessBase"]
[SourceDate "2021.10.06"]
[SourceVersion "1"]
[SourceVersionDate "2021.10.06"]
[SourceQuality "1"]

1. f4 e5 2. fxe5 d6 3. exd6 Bxd6 4. Nf3 g5 5. g3 g4 6. Nh4 Ne7 7. d4 Ng6 8. Nxg6 hxg6 9. Qd3 Nc6 10. c3 Bf5 11. e4 Qe7 12. Bg2 0-0-0 13. Bf4 Rde8 14. Bxd6 Qxd6 15. Nd2 Bxe4 16. Bxe4 f5 17. 0-0-0 fxe4 18. Qe2 Qe6 19. Kb1 e3 20. Nb3 Qe4+ 21. Kc1 Ref8 22. Nc5 Qf3 23. Rde1 Qxe2 24. Rxe2 Re8 25. Rf1 b6 26. Nd3 Re4 27. Rf6 Ne7 28. Ne5 Rxh2 29. Rxh2 e2 30. Nd3 e1Q+ 31. Nxe1 Rxe1+ 32. Kd2 Rg1 33. Re2 Nd5 34. Rxg6 Rxg3 35. Re8+ Kb7 36. Reg8 Rg2+ 37. Kc1 Ne3 38. a3 Rc2+ 39. Kb1 Rg2 40. d5 1-0

[Event "Crema op 10th"]
[Site "Crema"]
[Date "2008.09.06"]
[Round "4"]
[White "Barucco, Mattia"]
[Black "Ranzato, Paolo"]
[Result "1/2-1/2"]
[WhiteElo "2029"]
[BlackElo "1801"]
[PlyCount "24"]
[EventDate "2008.09.05"]
[EventType "swiss"]
[EventRounds "6"]
[EventCountry "ITA"]
[SourceTitle "EXT 2011"]
[Source "ChessBase"]
[SourceDate "2010.11.26"]
[SourceVersion "1"]
[SourceVersionDate "2010.11.26"]
[SourceQuality "1"]

1. e4 e6 2. d4 d5 3. exd5 exd5 4. Bd3 Nf6 5. Bg5 Be7 6. Ne2 Ne4 7. Bf4 Bd6 8. Bg3 Bf5 9. f3 Nxg3 10. Nxg3 Bxd3 11. Qxd3 0-0 12. Nc3 Qg5 1/2-1/2

[Event "Crema op 10th"]
[Site "Crema"]
[Date "2008.09.06"]
[Round "3"]
[White "Ranzato, Paolo"]
[Black "Scarabelli, Maurizio"]
[Result "1/2-1/2"]
[WhiteElo "1801"]
[BlackElo "1927"]
[PlyCount "36"]
[EventDate "2008.09.05"]
[EventType "swiss"]
[EventRounds "6"]
[EventCountry "ITA"]
[SourceTitle "EXT 2011"]
[Source "ChessBase"]
[SourceDate "2010.11.26"]
[SourceVersion "1"]
[SourceVersionDate "2010.11.26"]
[SourceQuality "1"]

1. f4 d5 2. Nf3 c5 3. e3 Nc6 4. Bb5 Bd7 5. Bxc6 Bxc6 6. Ne5 Nf6 7. d3 e6 8. Nd2 Qc7 9. Ndf3 h6 10. b3 Bd6 11. Bb2 a5 12. a4 b6 13. Qe2 Bb7 14. 0-0 Qe7 15. Qf2 Bxe5 16. Nxe5 Nd7 17. Qg3 Nxe5 18. Bxe5 f6 1/2-1/2